000 00530nam a2200193 a 4500
001 1772447158834
003 YourLibrary
005 20260302160218.0
008 260302s2002##################000#0#eng##
020 _a9781588260727
082 0 4 _a327.172
_bMEK
100 1 _aMekenkamp, Monique,
_eauthor.
245 1 0 _aSearching for Peace in Central and South Asia :
260 _bLynne Rienner Pub,
_c2002.
300 _a665 pages
650 0 _aPolitical Science.
942 _cENGLISH
040 _aYourLibrary
_beng
_cYourLibrary
999 _c616568
_d616568